000 00797cam a22002777a 4500
001 17388962
003 OSt
005 20250901165812.0
008 120717s2010 ke a 000 j swa
010 _a 2012311620
020 _a9789966773555
020 _a996677355X
040 _aDLC
_cDLC
042 _alcode
050 0 0 _aPL 8704 .W36 2010
245 0 0 _aWali wa ndevu na hadithi nyingine /
_cK.W. Wamitila (mhariri).
260 _aNairobi, Kenya :
_bVide-Muwa Publishers Ltd.,
_c2010.
300 _a184 p. :
_bill. ;
_c18 cm.
490 0 _aVito vya fasihi ;
_vS20
520 _aShort stories.
546 _aIn Swahili.
700 1 _aWamitila, K. W.
906 _a7
_bcbc
_corigode
_d4
_encip
_f20
_gy-gencatlg
942 _2lcc
_cBK
999 _c9418
_d9418